00765cam a2200265 a 450000500170000000800410001701000150005802000260007303500130009903700130011204000130012508200080013810000030014624500600014926000370020927000900024630000210033649000380035750000500039565000030044565100030044870000160045170000170046770000150048420031230185550.0940308s1993 enkab b 001 0 eng  aENG-101726 c650.00a9789350246542 aEN-85259 bDBAD/PUB adplbEng a9201 10aIndira Gandhi/cedited by Imran Ahmed [and] N.P. Sharma aNew DelhibHimalaya Books c2010 a"Pooja Apartment", 4-B Murari Lal Street, Ansari Road, Darya Ganj,bNew Delhie110002 a342p.c23cm (Hb) aBiographies ; edited by M.H. Syed aIncludes bibliographical references and index 0  aImran Ahmed aSharma, N.P. aSyed, M.H.